|
|
|
|
| LEADER |
00000naa2a2200000 4500 |
| 001 |
492382 |
| 005 |
20231101100139.0 |
| 035 |
|
|
|a (RuTPU)RU\TPU\prd\161681
|
| 035 |
|
|
|a RU\TPU\tpu\11258
|
| 090 |
|
|
|a 492382
|
| 100 |
|
|
|a 20121205a1973 k y0rusy50 ca
|
| 101 |
0 |
|
|a rus
|
| 102 |
|
|
|a RU
|
| 200 |
1 |
|
|a О прочности тонкостенных центробежно-литых чугунных труб
|f В. В. Андреев, Г. Д. Дель, И. Ф. Тесленко
|
| 461 |
|
0 |
|0 (RuTPU)RU\TPU\prd\42394
|x 0024-449X
|t Литейное производство
|o международный научно-технический журнал
|d 1951-1996, 2006-
|
| 463 |
|
0 |
|0 (RuTPU)RU\TPU\prd\161680
|t № 7
|v С. 36-38
|d 1973
|
| 610 |
1 |
|
|a чугунные трубы
|
| 610 |
1 |
|
|a прочность
|
| 610 |
1 |
|
|a труды учёных ТПУ
|
| 700 |
|
1 |
|a Андреев
|b В. В.
|
| 701 |
|
1 |
|a Дель
|b Г. Д.
|
| 701 |
|
1 |
|a Тесленко
|b И. Ф.
|
| 801 |
|
1 |
|a RU
|b 63413507
|c 20030829
|g PSBO
|
| 801 |
|
2 |
|a RU
|b 63413507
|c 20121205
|g RCR
|
| 942 |
|
|
|c BK
|